Countries with the Most Bird Species - Statistics

General Stats
  • This quiz has been taken 27 times
  • The average score is 16 of 20
Answer Stats
# Species Country % Correct
1,813 Brazil
100%
1,211 India
100%
1,858 Peru
100%
1,394 Venezuela
100%
1,004 Argentina
95%
1,288 China
95%
1,878 Colombia
95%
1,622 Ecuador
95%
934 Thailand
95%
1,107 DR Congo
91%
1,711 Indonesia
91%
1,104 Mexico
91%
1,438 Bolivia
86%
1,058 Kenya
68%
1,031 Myanmar
68%
1,075 Tanzania
68%
915 Angola
55%
885 Cameroon
41%
999 Uganda
41%
917 Sudan
36%
No matching quizzes found
Score Distribution
Percent of People with Each Score
Percentile by Number Answered
Your Score History
You have not taken this quiz